00306cam a2200121ua 450000100060000000800390000608200080004510000290005324500530008225000120013565300200014799900170016724253190612n II |||gr||||Z||||||eng a823 aKARNAD, GIRISH,eAUTHOR. aBOILED BEANS ON TOAST: A PLAYhTextual Documents a1ST ED. aEnglish fiction c27501d27501